| 000 | 00482nam a2200181Ia 4500 | ||
|---|---|---|---|
| 001 | 16993 | ||
| 005 | 20260306170352.0 | ||
| 008 | 260306t2014||||xx |||||||||||||| ||und|| | ||
| 041 | _aESP | ||
| 082 |
_a657.42 _bCH516A |
||
| 100 |
_aChambergo Guillermo, Isidro _eAUT |
||
| 245 | 0 |
_aContabilidad de costos para la toma de decisiones: _baplicación práctica |
|
| 260 | _c2014 | ||
| 300 |
_a566 páginas : _c21 cm. |
||
| 650 | _aGEN | ||
| 654 | _aCCO | ||
| 942 |
_cLIB _dJUS _fJUS _2ddc _n |
||
| 999 |
_c16993 _d16993 |
||